Normal view MARC view
  • MASSAN, CHARLES

Entry Personal Name

Number of records used in: 1

001 - CONTROL NUMBER

  • control field: 78912

003 - CONTROL NUMBER IDENTIFIER

  • control field: NUST

005 - DATE AND TIME OF LATEST TRANSACTION

  • control field: 20210628210313.0

008 - FIXED-LENGTH DATA ELEMENTS

  • fixed length control field: 210628|| aca||aabn | a|a d

040 ## - CATALOGING SOURCE

  • Original cataloging agency: NUST
  • Transcribing agency: NUST

100 ## - HEADING--PERSONAL NAME

  • Personal name: MASSAN, CHARLES

670 ## - SOURCE DATA FOUND

  • Source citation: Work cat.: (NUST): MASSAN, CHARLES, NARATIVE OF VARIOUS JOURNEY'SIN BALACHISTAN AFGHANISTAN AND THE PUNJAB INCLUDING A RESIDENCE IN THOSE COUNTRIES FROM 1826 TO 1838, 1974
© 2023 Central Library, National University of Sciences and Technology. All Rights Reserved.